| 000 | 00640nam a2200217Ia 4500 | ||
|---|---|---|---|
| 999 |
_c43963 _d43963 |
||
| 005 | 20240530104006.0 | ||
| 008 | 140319s9999 xx 000 0 ara d | ||
| 017 | _bمصر. دار الكتب | ||
| 040 |
_aGCL / _cGCL |
||
| 082 | 0 | 4 |
_a251.22 _bا ا _221 |
| 100 | 1 | _aاحمد فتحى بهنسى | |
| 245 | 1 | 0 |
_aالحد والتعزير / _cاحمد فتحى بهنسى |
| 300 | _a117 ص | ||
| 490 |
_aمع الاسلام _v0 |
||
| 650 | 0 | 4 |
_aالشريعة الاسلامية _2qrmak |
| 650 | 0 | 4 |
_aالعقوبات _2qrmak |
| 650 | 0 | 4 |
_aالحدود _2qrmak |
| 650 | 0 | 4 |
_aالتعزيز _2qrmak |
| 651 | _2qrmak | ||
| 942 |
_2ddc _cBK |
||